تقرير عن الحوادث التي حصلت في مصر من تاريخ يناير 1881 لغاية شهر أكتوبر 1882 مقدم من طرفي إلى وكيلي الشرعي المستر برود لي ليدافع عني أمام المحكمة المصرية / (رقم التسجيلة. 16433)

تفاصيل مارك
000 -LEADER
fixed length control field 00970nam a22002057a 4500
005 - DATE AND TIME OF LATEST TRANSACTION
control field 20251108164856.0
008 - FIXED-LENGTH DATA ELEMENTS--GENERAL INFORMATION
fixed length control field 250721s1981 xx 000 0 ara d
082 14 - DEWEY DECIMAL CLASSIFICATION NUMBER
Classification number 962.02/أحم
100 1# - MAIN ENTRY--PERSONAL NAME
Personal name عرابي، أحمد
245 10 - TITLE STATEMENT
Title تقرير عن الحوادث التي حصلت في مصر من تاريخ يناير 1881 لغاية شهر أكتوبر 1882 مقدم من طرفي إلى وكيلي الشرعي المستر برود لي ليدافع عني أمام المحكمة المصرية /
264 1# - PRODUCTION, PUBLICATION, DISTRIBUTION, MANUFACTURE, AND COPYRIGHT NOTICE
Place of production, publication, distribution, manufacture القاهرة :
Name of producer, publisher, distributor, manufacturer المركز العربي،
Date of production, publication, distribution, manufacture, or copyright notice 1981.
300 ## - PHYSICAL DESCRIPTION
Extent 108ص
490 0# - SERIES STATEMENT
Series statement الذكرى المئوية للثورة العربية 1881-9881 ؛ 5
500 ## - GENERAL NOTE
General note معه محاضر إستجواب عرابي أمام قومسيون التحقيق اكتوبر / نوفمبر 1882
650 17 - SUBJECT ADDED ENTRY--TOPICAL TERM
Topical term or geographic name as entry element التاريخ السياسي
650 17 - SUBJECT ADDED ENTRY--TOPICAL TERM
Topical term or geographic name as entry element تاريخ مصر
650 17 - SUBJECT ADDED ENTRY--TOPICAL TERM
Topical term or geographic name as entry element ثورة عرابي 1882
942 ## - ADDED ENTRY ELEMENTS (KOHA)
Source of classification or shelving scheme Dewey Decimal Classification
Koha item type كتب
المقتنيات
حالة السحب حالة الفقدان مصدر التصنيف حالة التلف غير قابل للإعارة المكتبة الرئيسية المكتبة الحالية موقع الرف تاريخ التزويد الرقم المتسلسل Total Checkouts رقم الإستدعاء تاريخ آخر ظهور تاريخ الفاتورة نوع المادة (كوها)
    Dewey Decimal Classification Unchecked   المكتبة المركزية المكتبة المركزية الإعارة 06/07/2004 94809   962.02/أحم 28/07/2025 06/07/2004 كتب
Implemented & Customized by: BBB with SCIT (Smart Chains for Information Technology)

Powered by Koha